[Event "March Madness?"]
[Site "SchemingMind.com"]
[Date "2017.03.06"]
[Round "-"]
[White "kenneth m day"]
[Black "Wojtek26"]
[Result "1-0"]
[WhiteCountry "USA"]
[BlackCountry "POL"]
[WhiteElo "1678"]
[WhiteRD "55"]
[BlackElo "1580"]
[BlackRD "50"]
[GameID "411231"]

1. e4 e5 2. Nf3 Nc6 3. c3 d6 4. Bc4 Nf6 5. d4 exd4 6. cxd4 Bg4 7. Be3 Nxe4 8. O-O a6 9. Nc3 Nxc3 10. bxc3 Be7
11. h3 Bh5 12. Rb1 b5 13. Bd5 Qd7 14. Re1 Rb8 15. Qe2 Nd8 16. Bf4 c6 17. Bb3 Rc8 18. Bg5 f6 19. Bh4 Bxf3 20. Qxf3 d5
21. Bc2 O-O 22. Bf5 Qc7 23. Bxc8 Qxc8 24. Rxe7 Rf7 25. Rxf7 Kxf7 26. Re1 Ne6 27. Qf5 h6 28. Qh5+ Kf8 29. Qg6 Ng5 30. Bxg5 hxg5
31. Qh7 Kf7 32. Qh5+ Kf8 33. Qh8+
1-0

[Event "March Madness?"]
[Site "SchemingMind.com"]
[Date "2017.03.06"]
[Round "-"]
[White "Wojtek26"]
[Black "kenneth m day"]
[Result "0-1"]
[WhiteCountry "POL"]
[BlackCountry "USA"]
[WhiteElo "1580"]
[WhiteRD "50"]
[BlackElo "1678"]
[BlackRD "55"]
[GameID "411232"]

1. e4 e5 2. Nf3 Nc6 3. Bb5 f5 4. Bxc6 dxc6 5. Nxe5 Nf6 6. d3 fxe4 7. O-O Be7 8. Re1 O-O 9. Bg5 Qd4 10. Bxf6 Bxf6
11. Nc4 exd3 12. Qxd3 Qxd3 13. cxd3 b5 14. Na5 Bxb2 15. Nd2 Bxa1 16. Rxa1 Bd7 17. Rc1 Rf6 18. Ne4 Re6 19. Nc5 Re7 20. Nxd7 Rxd7
21. Nxc6 Rxd3 22. Ne7+ Kf7 23. Nf5 Rc8 24. g3 c5 25. Kf1 c4 26. Ke2 Re8+ 27. Kf1 Re5 28. Ne3 Rc5 29. Nc2 a5 30. Ne1 Rd2
31. Nc2 b4 32. Ne3 c3 33. Ke1 Rxa2
0-1

[Event "March Madness?"]
[Site "SchemingMind.com"]
[Date "2017.03.11"]
[Round "-"]
[White "Scooter"]
[Black "kenneth m day"]
[Result "1/2-1/2"]
[WhiteCountry "USA"]
[BlackCountry "USA"]
[WhiteElo "1707"]
[WhiteRD "53"]
[BlackElo "1678"]
[BlackRD "55"]
[GameID "411557"]

1. d4 f5 2. Nf3 Nf6 3. Bf4 g6 4. e3 d6 5. Be2 Bg7 6. O-O O-O 7. Nbd2 b6 8. b3 Bb7 9. c4 Nbd7 10. Ng5 Rf7
11. Nxf7 Kxf7 12. Bf3 Bxf3 13. Nxf3 Nh5 14. Ng5+ Kg8 15. Ne6 Qe8 16. Nxc7 Qc8 17. Nxa8 Qxa8 18. Bg5 Kf7 19. Qf3 Qxf3 20. gxf3 h6
21. Bh4 g5 22. Bg3 Bf6 23. f4 gxf4 24. Bxf4 Nxf4 25. exf4 Bxd4 26. Rad1 Bc5 27. Kg2 Nf6 28. a3 Bxa3 29. Ra1 Bc5 30. Rxa7 b5
31. cxb5 Bxa7 32. Ra1 Bb6 33. Ra6 Nd7 34. b4 Ke6 35. Ra8 h5 36. Rh8 Nf6 37. Kf3 Kd5 38. Rb8 Nd7 39. Rh8 Nf6 40. Rb8 Nd7=
1/2-1/2

[Event "March Madness?"]
[Site "SchemingMind.com"]
[Date "2017.03.12"]
[Round "-"]
[White "kenneth m day"]
[Black "Scooter"]
[Result "1-0"]
[WhiteCountry "USA"]
[BlackCountry "USA"]
[WhiteElo "1686"]
[WhiteRD "57"]
[BlackElo "1644"]
[BlackRD "52"]
[GameID "411558"]

1. e4 c6 2. c4 d5 3. cxd5 cxd5 4. exd5 Qxd5 5. Nc3 Qd8 6. d4 Nf6 7. Bc4 a6 8. Nf3 Bg4 9. Be3 b5 10. Bxf7+ Kxf7
11. Ne5+
1-0

[Event "March Madness?"]
[Site "SchemingMind.com"]
[Date "2017.03.11"]
[Round "-"]
[White "Scooter"]
[Black "Wojtek26"]
[Result "1-0"]
[WhiteCountry "USA"]
[BlackCountry "POL"]
[WhiteElo "1644"]
[WhiteRD "52"]
[BlackElo "1585"]
[BlackRD "53"]
[GameID "411559"]

1. d4 d5 2. Nf3 Nc6 3. Bf4 Nf6 4. e3 e6 5. Bb5 Bd7 6. O-O a6 7. Bxc6 Bxc6 8. Nbd2 Bd6 9. Bxd6 Qxd6 10. c3 O-O
11. Re1 h6 12. Qc2 Ne4 13. Ne5 Nxd2 14. Qxd2 Bb5 15. a4 Be8 16. c4 dxc4 17. Nxc4 Qd5 18. Ne5 Qd6 19. b4 c6 20. Nc4 Qc7
21. a5 Rd8 22. Nb6 Qe7 23. Qc3 Qg5 24. Qc5 Qg6 25. Qe7 Qf6 26. Qxb7 e5 27. dxe5 Qxe5 28. Nc4 Qc3 29. Qxa6 Bd7 30. Rab1 Ra8
31. Rec1 Qd3 32. Qb6 Be6 33. Ne5 Qd2 34. Nxc6 Rfc8 35. Ne7+ Kh7 36. Rxc8 Qa2 37. Rcc1 Re8 38. Qc5
1-0

[Event "March Madness?"]
[Site "SchemingMind.com"]
[Date "2017.03.11"]
[Round "-"]
[White "Wojtek26"]
[Black "Scooter"]
[Result "1-0"]
[WhiteCountry "POL"]
[BlackCountry "USA"]
[WhiteElo "1585"]
[WhiteRD "53"]
[BlackElo "1644"]
[BlackRD "52"]
[GameID "411560"]

1. Nf3 Nf6 2. c4 g6 3. d4 Bg7 4. e3 O-O 5. Bd3 d6 6. O-O Bg4 7. h3 Bxf3 8. Qxf3 c6 9. Nd2 Nbd7 10. b3 e5
11. dxe5 Nxe5 12. Qe2 Nxd3 13. Qxd3 Re8 14. Bb2 d5 15. cxd5 Qxd5 16. Qxd5 Nxd5 17. Bxg7 Kxg7 18. Rac1 Nb4 19. a3 Nd3 20. Rc3 Rad8
21. Nf3 Ne5 22. Nxe5 Rxe5 23. Rc2 Rd3 24. Rb2 Rb5 25. Rfb1 c5 26. b4 cxb4 27. axb4 Rd6 28. Kf1 Rdb6 29. Ke2 a5 30. Kd3 axb4
31. Kc4 b3 32. Rxb3 Rxb3 33. Rxb3 Rc6+ 34. Kd3 b6 35. g4 g5 36. f4 h6 37. f5 Rd6+ 38. Ke2 h5 39. Kf3 h4 40. Rb2 Kf6
41. Rb3 Ke5 42. Rb5+ Kf6 43. Rb2 Ke7 44. Rb3 Kd7 45. Rb2 Kc6 46. Rc2+ Kb7 47. Rb2 Rd5 48. Ke4 Rc5 49. Kf3 b5 50. Ke4 Kb6
51. Kd4 Rc4+ 52. Kd3= Kc5 53. Ra2 Kb6 54. Rb2 Kc5 55. Ra2 b4 56. Ra7 Rc3+ 57. Kd2 Kc4 58. Rxf7 Kb3 59. Rb7 Kc4 60. Rc7+ Kb3
61. Rxc3+
1-0

[Event "March Madness?"]
[Site "SchemingMind.com"]
[Date "2017.03.17"]
[Round "-"]
[White "emvarela"]
[Black "Scooter"]
[Result "1-0"]
[WhiteCountry "ARG"]
[BlackCountry "USA"]
[WhiteElo "1757"]
[WhiteRD "53"]
[BlackElo "1739"]
[BlackRD "53"]
[GameID "411900"]

1. e4 c6 2. d4 d5 3. e5 Bf5 4. Bd3 Bxd3 5. Qxd3 e6 6. Bd2 Nd7 7. Nf3 c5 8. dxc5 Nxc5 9. Qb5+ Nd7 10. Nc3 Qb6
11. Qxb6 Nxb6 12. b3 g6 13. Be3 Bb4 14. Bd2= Rc8 15. Nb5 Bxd2+ 16. Kxd2 Rd8 17. Nd6+ Ke7 18. Nxb7 Rd7 19. Nc5 Rc7 20. Nd3 Nh6
21. h3 Rhc8 22. Nd4 a6 23. Rac1 Nf5 24. Nxf5+ gxf5 25. c3 Nd7 26. Rc2 Nc5 27. Nxc5 Rxc5 28. Rhc1 h5 29. f4 f6 30. c4 dxc4
31. exf6+ Kxf6 32. Rxc4 Rxc4 33. Rxc4 Rxc4 34. bxc4 e5 35. fxe5+ Kxe5 36. Kd3 h4 37. Ke3
1-0

[Event "March Madness?"]
[Site "SchemingMind.com"]
[Date "2017.03.17"]
[Round "-"]
[White "Scooter"]
[Black "emvarela"]
[Result "1-0"]
[WhiteCountry "USA"]
[BlackCountry "ARG"]
[WhiteElo "1739"]
[WhiteRD "53"]
[BlackElo "1757"]
[BlackRD "53"]
[GameID "411901"]

1. d4 e6 2. Nf3 Nf6 3. Bg5 d5 4. e3 Be7 5. Be2 h6 6. Bxf6 Bxf6 7. O-O O-O 8. Nbd2 Nd7 9. c4 b6 10. cxd5 exd5
11. Rc1 c5 12. dxc5 Nxc5 13. Rc2 Bb7 14. b4 Ne6 15. a3 Rc8 16. Rxc8 Qxc8 17. Qc1 Qxc1 18. Rxc1 Rc8 19. Rxc8+ Bxc8 20. Nb3 Bb2
21. a4 Bd7 22. b5 Nc5 23. Nxc5 bxc5 24. Nd2 c4 25. Bd1 c3 26. Nb3 Bf5 27. Nd4 Bd3 28. Bc2 Bxc2 29. Nxc2 Kf8 30. Kf1 Ke7
31. Ke2 Kd6 32. Kd3 Kc5 33. f3 f5 34. h4 g5 35. hxg5 hxg5 36. g4
1-0

[Event "March Madness?"]
[Site "SchemingMind.com"]
[Date "2017.03.17"]
[Round "-"]
[White "emvarela"]
[Black "kenneth m day"]
[Result "0-1"]
[WhiteCountry "ARG"]
[BlackCountry "USA"]
[WhiteElo "1757"]
[WhiteRD "53"]
[BlackElo "1671"]
[BlackRD "56"]
[GameID "411902"]

1. e4 e5 2. Nf3 Nc6 3. Bb5 f5 4. Nc3 fxe4 5. Nxe5 Nxe5 6. Qh5+ Nf7 7. Bc4 Nh6 8. Bxf7+ Nxf7 9. Nxe4 Be7 10. O-O O-O
11. d4 d5 12. Ng3 c6 13. Re1 Bd7 14. Bf4 Bf6 15. Re2 Qb6 16. c3 Rfe8 17. Rae1 Rxe2 18. Rxe2 Qd8 19. Nf5 Bxf5 20. Qxf5 Qf8
21. Qd3 Re8 22. Rxe8 Qxe8 23. Be3 Qe4 24. Qxe4 dxe4 25. g3 Nd6 26. Kg2 Nc4 27. b3 Nxe3+ 28. fxe3 Kf7 29. h4 Ke6 30. Kh3 g5
31. Kg4 b6 32. hxg5 Be7 33. Kf4 Bd6+ 34. Kxe4 Bxg3 35. c4 Bc7 36. d5+ cxd5+ 37. cxd5+ Kd6 38. Kd4 Bd8
0-1

[Event "March Madness?"]
[Site "SchemingMind.com"]
[Date "2017.03.17"]
[Round "-"]
[White "kenneth m day"]
[Black "emvarela"]
[Result "0-1"]
[WhiteCountry "USA"]
[BlackCountry "ARG"]
[WhiteElo "1669"]
[WhiteRD "57"]
[BlackElo "1748"]
[BlackRD "60"]
[GameID "411903"]

1. e4 e5 2. Nf3 Nc6 3. d4 exd4 4. c3 dxc3 5. Nxc3 Bc5 6. Bc4 h6 7. Qd5 Qe7 8. Nb5 Bb6 9. Be3 Nb4 10. Qd2 Bxe3
11. fxe3 Qc5 12. Qc3 d6 13. O-O Nf6 14. Nxc7+ Qxc7 15. Qxb4 O-O 16. Rac1 Qb6 17. Qxb6 axb6 18. e5 dxe5 19. Nxe5 Be6 20. Bxe6 fxe6
21. a3 Rac8 22. Ng6 Rxc1 23. Rxc1 Rd8 24. Rc7 Ne4 25. Rxb7 Rd1#
0-1

[Event "March Madness?"]
[Site "SchemingMind.com"]
[Date "2017.03.17"]
[Round "-"]
[White "emvarela"]
[Black "Wojtek26"]
[Result "0-1"]
[WhiteCountry "ARG"]
[BlackCountry "POL"]
[WhiteElo "1757"]
[WhiteRD "53"]
[BlackElo "1603"]
[BlackRD "50"]
[GameID "411904"]

1. e4 e5 2. Nf3 d6 3. d4 exd4 4. Nxd4 Nf6 5. Nc3 Bg4 6. Be2 Bxe2 7. Qxe2 Be7 8. O-O O-O 9. Be3 Nc6 10. Nxc6 bxc6
11. Rad1 d5 12. exd5 Nxd5 13. Nxd5 cxd5 14. Qf3 c6 15. c4 Qa5 16. cxd5 cxd5 17. Rxd5 Qxa2 18. Rfd1 Qxb2 19. Rd7 Bf6 20. Bd4 Bxd4
21. R7xd4 a5 22. R4d2 Qb8 23. g3 h6 24. Rd7 a4 25. Rb7 Qe8 26. Rdd7 a3 27. Re7 a2
0-1

[Event "March Madness?"]
[Site "SchemingMind.com"]
[Date "2017.03.17"]
[Round "-"]
[White "Wojtek26"]
[Black "emvarela"]
[Result "0-1"]
[WhiteCountry "POL"]
[BlackCountry "ARG"]
[WhiteElo "1596"]
[WhiteRD "45"]
[BlackElo "1836"]
[BlackRD "59"]
[GameID "411905"]

1. d4 Nf6 2. c4 g6 3. e3 Bg7 4. Nf3 d6 5. Bd3 O-O 6. O-O Bg4 7. h3 Bxf3 8. Qxf3 c6 9. Nd2 Nbd7 10. a3 e5
11. Ne4 Nxe4 12. Qxe4 exd4 13. exd4 Re8 14. Qf4 Nf6 15. Qf3 d5 16. c5 Ne4 17. Re1 Bxd4 18. Bxe4 dxe4 19. Rxe4 Rxe4 20. Qxe4 Qf6
21. Qc2 Rd8 22. Rb1 Bxf2+ 23. Kh1 Bg3 24. Be3 Qe5 25. Bf2 Bxf2 26. Qxf2 Rd5 27. Re1 Qb8 28. b4 Qd8 29. Rf1 Rf5 30. Qe2 Rxf1+
31. Qxf1 Kg7 32. Qa1+ f6 33. Kg1 Qe7 34. Qc3 Qe5 35. Qd3 Qd5 36. Qe2 Kf7 37. Qc2 b5 38. Qb2 Qd1+ 39. Kh2 Qd3 40. Kg1 Qe3+
41. Kh1 Qe1+ 42. Kh2 Qe5+ 43. Qxe5 fxe5 44. Kg3 Kf6 45. Kf3 h5 46. h4 Kf5 47. g3 e4+ 48. Kf2 Kg4 49. a4 a6
0-1

[Event "March Madness?"]
[Site "SchemingMind.com"]
[Date "2017.04.07"]
[Round "-"]
[White "emvarela"]
[Black "Iucounu"]
[Result "1-0"]
[WhiteCountry "ARG"]
[BlackCountry "ENG"]
[WhiteElo "1802"]
[WhiteRD "56"]
[BlackElo "1597"]
[BlackRD "57"]
[GameID "412441"]

1. e4 Nf6 2. e5 Nd5 3. c4 Nb6 4. b3 d6 5. exd6 cxd6 6. Nc3 g6 7. Bb2 Bg7 8. Qc2 Bf5 9. d3 O-O 10. Nf3 Nc6
11. Ne4 Bxb2 12. Qxb2 f6 13. Ng3 Be6 14. Be2 Ne5 15. Nxe5 dxe5 16. Ne4 Qd4 17. Qxd4 exd4 18. O-O Rac8 19. Bf3 Nd7 20. Rfe1 Kf7
21. b4 b6 22. Nd2 Ne5 23. Re4 Nxf3+ 24. Nxf3 Rfd8 25. Rae1 Rd6 26. Nxd4
1-0

[Event "March Madness?"]
[Site "SchemingMind.com"]
[Date "2017.04.06"]
[Round "-"]
[White "Iucounu"]
[Black "emvarela"]
[Result "0-1"]
[WhiteCountry "ENG"]
[BlackCountry "ARG"]
[WhiteElo "1602"]
[WhiteRD "57"]
[BlackElo "1757"]
[BlackRD "53"]
[GameID "412442"]

1. e4 e5 2. Nf3 Nc6 3. Bb5 Nf6 4. O-O Nxe4 5. d4 Nd6 6. Bxc6 dxc6 7. dxe5 Nf5 8. Qxd8+ Kxd8 9. Rd1+ Ke8 10. Nc3 Be6
11. a3 Be7 12. Bg5 Bxg5 13. Nxg5 Rd8 14. Rxd8+ Kxd8 15. Nxe6+ fxe6 16. Rd1+ Ke7 17. g4 Nh4 18. Rd3 Rf8 19. h3 Nf3+ 20. Kf1 Nxe5
21. Rd1 Nc4 22. b3 Ne3+
0-1

[Event "March Madness?"]
[Site "SchemingMind.com"]
[Date "2017.04.03"]
[Round "-"]
[White "Scooter"]
[Black "Iucounu"]
[Result "1-0"]
[WhiteCountry "USA"]
[BlackCountry "ENG"]
[WhiteElo "1739"]
[WhiteRD "53"]
[BlackElo "1602"]
[BlackRD "57"]
[GameID "412443"]

1. d4 Nf6 2. Nf3 g6 3. Bf4 Bg7 4. e3 O-O 5. Nbd2 d6 6. Be2 Nbd7 7. O-O Re8 8. h3 e5 9. dxe5 Nxe5 10. Nxe5 dxe5
11. Bg5 h6 12. Bxf6 Qxf6 13. Ne4 Qe7 14. c4 Rd8 15. Qc2 Bf5 16. Rfd1 Rxd1+ 17. Rxd1 Rd8 18. Rxd8+ Qxd8 19. Bd3 b6 20. f3 c5
21. b3 Be6 22. g4 g5 23. Kf2 f6 24. Ng3 Bf7 25. Nf5 Kh8 26. Be4 h5 27. Qd3 Qxd3 28. Bxd3 hxg4 29. hxg4 Bf8 30. Be4 Kg8
31. Bd5 Bxd5 32. cxd5 Kf7 33. Ke2 Ke8 34. e4 Kd7 35. Kd3 b5 36. Kc3 a5 37. Ne3 Be7 38. a4 bxa4 39. bxa4 Kc7 40. Kc4 Kb6
41. Nf5 Bd8 42. Ng7 Be7 43. Nf5 Bd8 44. Ng7 Be7 45. Ne8 Ka6 46. d6 Bd8 47. Kxc5 Kb7 48. Kb5 Kc8 49. Kc6
1-0

[Event "March Madness?"]
[Site "SchemingMind.com"]
[Date "2017.04.03"]
[Round "-"]
[White "Iucounu"]
[Black "Scooter"]
[Result "1-0"]
[WhiteCountry "ENG"]
[BlackCountry "USA"]
[WhiteElo "1602"]
[WhiteRD "57"]
[BlackElo "1739"]
[BlackRD "53"]
[GameID "412444"]

1. e4 c6 2. d4 d5 3. Nc3 dxe4 4. Nxe4 Bf5 5. Ng3 Bg6 6. h4 h6 7. Nf3 Nd7 8. h5 Bh7 9. Bd3 Bxd3 10. Qxd3 Qc7
11. Bd2 Ngf6 12. O-O-O O-O-O 13. Ne4 e6 14. Nxf6 Nxf6 15. g3 Nd7 16. c3 Bd6 17. Be3 e5 18. dxe5 Nxe5 19. Nxe5 Bxe5 20. Qf5+ Kb8
21. Rxd8+ Rxd8 22. Rd1 Rxd1+ 23. Kxd1 Qe7 24. Bf4 Qd6+ 25. Ke2 Bxf4 26. gxf4 Qe6+ 27. Qxe6 fxe6 28. Ke3 Kc7 29. Ke4 Kd6 30. b4 b6
31. a4 a5 32. Kd4 c5+ 33. bxc5+ bxc5+ 34. Kc4 Kc6 35. f3 Kb6 36. Kd3 Kc6 37. Ke4 Kd6 38. c4 Kd7 39. Ke5 Ke7 40. f5 exf5
41. Kxf5 Kf7 42. f4 Ke7 43. Kg6 Kf8 44. f5 Kg8 45. f6 gxf6 46. Kxf6 Kf8 47. Kg6 Ke7 48. Kxh6 Kf6 49. Kh7
1-0

[Event "March Madness?"]
[Site "SchemingMind.com"]
[Date "2017.04.03"]
[Round "-"]
[White "kenneth m day"]
[Black "Iucounu"]
[Result "1-0"]
[WhiteCountry "USA"]
[BlackCountry "ENG"]
[WhiteElo "1669"]
[WhiteRD "57"]
[BlackElo "1537"]
[BlackRD "67"]
[GameID "412445"]

1. e4 Nf6 2. e5 Nd5 3. d4 d6 4. c4 Nb6 5. f4 dxe5 6. fxe5 Nc6 7. Be3 Bf5 8. Nc3 e6 9. Nf3 h6 10. Be2 Qd7
11. O-O O-O-O 12. a3 a6 13. b4 Qe7 14. Bd3 Bxd3 15. Qxd3 g6 16. b5 Nb8 17. a4 a5 18. Ne4 g5 19. Bd2 Bg7 20. Bxa5 N6d7
21. Qc3 Rhf8 22. Bb4
1-0

[Event "March Madness?"]
[Site "SchemingMind.com"]
[Date "2017.04.03"]
[Round "-"]
[White "Iucounu"]
[Black "kenneth m day"]
[Result "1-0"]
[WhiteCountry "ENG"]
[BlackCountry "USA"]
[WhiteElo "1602"]
[WhiteRD "57"]
[BlackElo "1671"]
[BlackRD "56"]
[GameID "412446"]

1. e4 e5 2. Nf3 Nc6 3. Bb5 f5 4. Nc3 fxe4 5. Nxe4 Nf6 6. Qe2 d6 7. d4 Bd7 8. dxe5 Nxe5 9. Nxe5 dxe5 10. Nxf6+ gxf6
11. Qh5+ Ke7 12. Bxd7 Qxd7 13. O-O Rd8 14. Be3 b6 15. Rfd1 Qc8 16. Rxd8 Qxd8 17. Rd1 Qe8 18. Qxe8+ Kxe8 19. a3 Bd6 20. g3 Ke7
21. Kg2 h5 22. h4 Ke6 23. c4 Rg8 24. b4 Be7 25. Rc1 f5 26. Kf3 Bd6 27. c5 bxc5 28. Bxc5 e4+ 29. Ke3 Kd5 30. Bxd6 Rd8
31. Bc5 Ra8 32. Kf4 Ke6 33. Kg5
1-0

[Event "March Madness?"]
[Site "SchemingMind.com"]
[Date "2017.04.03"]
[Round "-"]
[White "Iucounu"]
[Black "Wojtek26"]
[Result "1/2-1/2"]
[WhiteCountry "ENG"]
[BlackCountry "POL"]
[WhiteElo "1597"]
[WhiteRD "57"]
[BlackElo "1608"]
[BlackRD "51"]
[GameID "412447"]

1. e4 e5 2. Nf3 Nc6 3. Bb5 Nge7 4. O-O a6 5. Ba4 g6 6. c3 b5 7. Bb3 Bg7 8. d4 exd4 9. cxd4 O-O 10. Nc3 Bb7
11. Bg5 d6 12. a3 h6 13. Be3 Na5 14. Ba2 Kh8 15. b4 Nac6 16. Rc1 Nb8 17. e5 d5 18. h3 c6 19. Qd2 g5 20. Bb1 a5
21. Bc2 a4 22. Nh2 Bc8 23. Qd3 Bf5 24. Qd2 Bxc2 25. Qxc2 f5 26. f4 gxf4 27. Bxf4 Ng6 28. Ne2 Nd7 29. Qxc6 Rb8 30. Qxd5 Nb6
31. Qf3 Nc4 32. d5 Nxf4 33. Qxf4 Nxe5 34. Rfd1 Qb6+ 35. Kh1 h5 36. d6 Ng6 37. Qg5 Rf6 38. Qxh5+ Kg8 39. Qf3 f4 40. Ng4 Rxd6
41. Rxd6 Qxd6 42. Nf2 Re8 43. Rc6 Qd2 44. Nxf4 Nxf4 45. Kh2 Be5 46. g3 Qe2 47. Qxe2 Nxe2 48. Nh1 Nxg3=
1/2-1/2

[Event "March Madness?"]
[Site "SchemingMind.com"]
[Date "2017.04.03"]
[Round "-"]
[White "Wojtek26"]
[Black "Iucounu"]
[Result "0-1"]
[WhiteCountry "POL"]
[BlackCountry "ENG"]
[WhiteElo "1603"]
[WhiteRD "50"]
[BlackElo "1602"]
[BlackRD "57"]
[GameID "412448"]

1. d4 Nf6 2. Nf3 g6 3. e3 Bg7 4. c4 d6 5. Bd3 O-O 6. O-O Nbd7 7. a3 e5 8. Re1 e4 9. Bc2 exf3 10. Qxf3 Rb8
11. b4 b6 12. Nd2 Bb7 13. Qe2 Re8 14. Bb2 Ne4 15. Nxe4 Bxe4 16. Bxe4 Rxe4 17. Qf3 f5 18. Rab1 Qg5 19. h3 Ree8 20. Bc1 Qf6
21. Bb2 Qe6 22. d5 Qe4 23. Qxe4 Rxe4 24. Bxg7 Kxg7 25. Rbc1 Rbe8 26. Rc3 f4 27. Kf1 fxe3 28. Rexe3 Rxe3 29. Rxe3 Rxe3 30. fxe3 g5
31. Ke2 Ne5 32. g4 Nxc4
0-1

[Event "March Madness?"]
[Site "SchemingMind.com"]
[Date "2017.04.07"]
[Round "-"]
[White "emvarela"]
[Black "buddhastalin"]
[Result "1-0"]
[WhiteCountry "ARG"]
[BlackCountry "USA"]
[WhiteElo "1928"]
[WhiteRD "59"]
[BlackElo "1584"]
[BlackRD "84"]
[GameID "412460"]

1. e4 c5 2. Nf3 e6 3. d4 cxd4 4. Nxd4 a6 5. Nc3 Qc7 6. Be2 Nf6 7. O-O Nc6 8. Nxc6 bxc6 9. a3 d5 10. exd5 exd5
11. Bf3 Be7 12. Re1 O-O 13. Qd3 Bd6 14. g3 h5 15. Bg5 Ng4 16. Bg2 Ne5 17. Qe3 Nc4 18. Qc1 Bf5 19. b3 Be5 20. Bf4 Bxf4
21. Qxf4 Qxf4 22. gxf4 Nd6 23. Re2 Rfe8 24. Rc1 Rxe2 25. Nxe2 Ne4 26. Nd4 Bd7 27. Bxe4 dxe4 28. f3 c5 29. fxe4 cxd4 30. Rd1 Bg4
31. Rxd4 Kf8 32. c4 Ke7 33. Kg2 Rd8 34. Rxd8 Kxd8 35. h3 Bd1 36. b4 Bc2 37. Kf3 Kd7 38. f5 Ke7 39. Kf4 g5+ 40. Kxg5 Bxe4
41. f6+ Ke6 42. b5 axb5 43. cxb5 Bc2 44. b6 Kd7 45. Kxh5 Kc6 46. Kh6 Kxb6 47. h4 Ka5 48. Kg7 Bg6 49. Kh6 Ka4 50. h5 Be4
51. Kg7
1-0

[Event "March Madness?"]
[Site "SchemingMind.com"]
[Date "2017.04.05"]
[Round "-"]
[White "buddhastalin"]
[Black "emvarela"]
[Result "0-1"]
[WhiteCountry "USA"]
[BlackCountry "ARG"]
[WhiteElo "1597"]
[WhiteRD "77"]
[BlackElo "1802"]
[BlackRD "56"]
[GameID "412461"]

1. d4 Nf6 2. e3 d5 3. Bd3 e6 4. Nf3 c5 5. c3 c4 6. Bc2 Bd7 7. O-O Be7 8. Nbd2 O-O 9. Qe2 Nc6 10. e4 dxe4
11. Nxe4 Nxe4 12. Bxe4 Qc7 13. Qxc4 Rac8 14. Qd3 f5 15. Bxc6 Bxc6 16. Ne5 Bd6 17. f4 Bxe5 18. fxe5 Bd5 19. Bd2 Bc4
0-1

[Event "March Madness?"]
[Site "SchemingMind.com"]
[Date "2017.04.05"]
[Round "-"]
[White "Scooter"]
[Black "buddhastalin"]
[Result "1-0"]
[WhiteCountry "USA"]
[BlackCountry "USA"]
[WhiteElo "1739"]
[WhiteRD "53"]
[BlackElo "1630"]
[BlackRD "79"]
[GameID "412462"]

1. d4 g6 2. Nf3 Bg7 3. b3 d6 4. Bb2 c6 5. e3 Nd7 6. Be2 Qc7 7. O-O e5 8. Nbd2 Ne7 9. dxe5 dxe5 10. Nc4 O-O
11. Nd6 Nd5 12. Nxc8 Raxc8 13. c4 N5f6 14. Qc2 Rfe8 15. Ng5 h6 16. Ne4 b5 17. Rfd1 Nxe4 18. Qxe4 Nf6 19. Qc2 a6 20. Rac1 Nd7
21. cxb5 axb5 22. Bxb5 Qb6 23. Rxd7 Qxb5 24. Qc4 Qxc4 25. Rxc4 Re6 26. e4 c5 27. Rd5 Bf8 28. Bxe5 f6 29. Bg3 Kf7 30. f3 Ra6
31. Rd2 Rca8 32. a4 Rb8 33. Bxb8
1-0

[Event "March Madness?"]
[Site "SchemingMind.com"]
[Date "2017.04.04"]
[Round "-"]
[White "buddhastalin"]
[Black "Scooter"]
[Result "0-1"]
[WhiteCountry "USA"]
[BlackCountry "USA"]
[WhiteElo "1597"]
[WhiteRD "77"]
[BlackElo "1732"]
[BlackRD "51"]
[GameID "412463"]

1. g3 Nf6 2. Bg2 g6 3. a3 Bg7 4. d3 O-O 5. Nd2 d5 6. c3 e5 7. Qc2 b6 8. e4 Bb7 9. Ne2 dxe4 10. dxe4 Nbd7
11. O-O c5 12. Nc4 Qc7 13. Rd1 Rfd8 14. Nd6 Ne8 15. Nxb7 Qxb7 16. f4 Nc7 17. f5 b5 18. Be3 Bf8 19. b3 Nf6 20. c4 Ng4
21. Bd2 bxc4 22. Qxc4 Nb5 23. h3 Nf6 24. a4 Nd6 25. Qc2 Rac8 26. Bg5 Be7 27. Nc3 c4 28. bxc4 Nxc4 29. Rxd8+ Bxd8 30. Qd3 Nb2
31. Qd2 Nc4 32. Qd3 Bb6+ 33. Kh2 Nd7 34. Nd5 Bc5 35. Rc1 Nb2 36. Qb1 Rb8 37. f6 Nxa4 38. Qxb7 Rxb7 39. Ne7+ Kf8 40. Nd5 Ke8
41. Rc2 Rb1 42. Rc1 Rxc1 43. Bxc1 Nab6 44. Nxb6 axb6
0-1

[Event "March Madness?"]
[Site "SchemingMind.com"]
[Date "2017.04.04"]
[Round "-"]
[White "buddhastalin"]
[Black "kenneth m day"]
[Result "0-1"]
[WhiteCountry "USA"]
[BlackCountry "USA"]
[WhiteElo "1635"]
[WhiteRD "73"]
[BlackElo "1678"]
[BlackRD "55"]
[GameID "412464"]

1. d4 d5 2. Nf3 Nf6 3. e3 Bf5 4. c4 c6 5. Be2 Ne4 6. O-O Nd7 7. Nc3 Ndf6 8. Nh4 Bg6 9. Nxg6 hxg6 10. Bd2 Qc7
11. Nxe4 Qxh2#
0-1

[Event "March Madness?"]
[Site "SchemingMind.com"]
[Date "2017.04.04"]
[Round "-"]
[White "buddhastalin"]
[Black "Iucounu"]
[Result "1-0"]
[WhiteCountry "USA"]
[BlackCountry "ENG"]
[WhiteElo "1630"]
[WhiteRD "79"]
[BlackElo "1602"]
[BlackRD "57"]
[GameID "412466"]

1. g3 d5 2. Bg2 e5 3. a3 Nf6 4. c4 dxc4 5. Qa4+ Qd7 6. Qxc4 c6 7. d3 Qe6 8. Qc2 Bc5 9. Qxc5 Nbd7 10. Qc2 O-O
11. Nc3 Rb8 12. Nf3 Nb6 13. b4 Nbd5 14. Bb2 Nxc3 15. Bxc3 Nd7 16. O-O Kh8 17. d4 exd4 18. Nxd4 Qe8 19. Be4 Nf6 20. Bd3 Bh3
21. Rfe1 Nd5 22. Bb2 f5 23. Nxf5 Bxf5 24. Bxf5
1-0

[Event "March Madness?"]
[Site "SchemingMind.com"]
[Date "2017.04.05"]
[Round "-"]
[White "Iucounu"]
[Black "buddhastalin"]
[Result "0-1"]
[WhiteCountry "ENG"]
[BlackCountry "USA"]
[WhiteElo "1597"]
[WhiteRD "57"]
[BlackElo "1597"]
[BlackRD "77"]
[GameID "412467"]

1. e4 c5 2. Nf3 e6 3. d4 cxd4 4. Nxd4 a6 5. Bd3 Qc7 6. Nc3 Nf6 7. O-O d6 8. Qe2 Nbd7 9. Kh1 Nc5 10. a3 Nxd3
11. Qxd3 Be7 12. f3 O-O 13. b3 b5 14. b4 Bb7 15. Bb2 Nd7 16. Nb3 Bf6 17. Nd1 Bxb2 18. Nxb2 Rac8 19. Rac1 d5 20. exd5 Bxd5
21. Nd2 Ne5 22. Qe3 Rfd8 23. Rfe1 Nc4 24. Ndxc4 Bxc4 25. Nxc4 Qxc4 26. Qe2 Qxe2 27. Rxe2 Rc3 28. Ra1 Rxa3 29. Rxa3 Rd1+ 30. Re1 Rxe1#
0-1

[Event "March Madness?"]
[Site "SchemingMind.com"]
[Date "2017.04.04"]
[Round "-"]
[White "buddhastalin"]
[Black "Wojtek26"]
[Result "0-1"]
[WhiteCountry "USA"]
[BlackCountry "POL"]
[WhiteElo "1597"]
[WhiteRD "77"]
[BlackElo "1608"]
[BlackRD "51"]
[GameID "412468"]

1. d4 d5 2. Nf3 Nf6 3. e3 e6 4. Bd3 Bd6 5. O-O O-O 6. Nbd2 c5 7. c3 c4 8. Bc2 Nc6 9. Qe2 b6 10. Re1 Bb7
11. e4 dxe4 12. Nxe4 Nxe4 13. Qxe4 f5 14. Qxe6+ Kh8 15. Bg5 Qc7 16. Bxf5 Nd8 17. Qd7 Qxd7 18. Bxd7 Bxf3 19. gxf3 Nf7 20. Be7 Bxe7
21. Rxe7 Ng5 22. Bc6 Rac8 23. Bb7 Nxf3+ 24. Kh1 Rb8 25. Bxf3 Rxf3 26. Rae1 h6 27. Kg2 Rbf8 28. Re8 Rxf2+ 29. Kg1 Kg8 30. Rxf8+ Rxf8
0-1

[Event "March Madness?"]
[Site "SchemingMind.com"]
[Date "2017.04.04"]
[Round "-"]
[White "Wojtek26"]
[Black "buddhastalin"]
[Result "1-0"]
[WhiteCountry "POL"]
[BlackCountry "USA"]
[WhiteElo "1603"]
[WhiteRD "50"]
[BlackElo "1630"]
[BlackRD "79"]
[GameID "412469"]

1. e4 c5 2. Nf3 e6 3. Bc4 a6 4. O-O b5 5. Be2 Qc7 6. c4 bxc4 7. Bxc4 d6 8. Nc3 Nf6 9. a3 Nc6 10. d4 cxd4
11. Nxd4 Bb7 12. Bg5 Be7 13. Nxc6 Bxc6 14. Bd3 O-O 15. Qe2 Qb7 16. Qc2 h6 17. Bxf6 Bxf6 18. Rac1 Rac8 19. Qe2 d5 20. Bxa6
1-0